Paesi più vicini al Kosovo - Statistics

Statistiche generali
  • Questo quiz è stato fatto 92 volte
  • Il punteggio medio è 18 su 20
Statistiche sulle risposte
km nazione % Corretto
128 Croazia
100%
0 Albania
99%
114 Grecia
99%
0 Montenegro
99%
253 Italia
97%
0 Macedonia del Nord
97%
156 Romania
97%
0 Serbia
97%
478 Slovenia
94%
54 Bulgaria
93%
525 Austria
92%
96 Bosnia ed Erzegovina
92%
547 Ucraina
90%
389 Turchia
87%
527 Slovacchia
86%
318 Ungheria
86%
601 Moldavia
82%
622 San Marino
76%
628 Città del Vaticano
69%
658 Polonia
68%
Nessun quiz corrispondente trovato
Distribuzione punteggi
Percentuale di utenti per punteggio
Percentile per numero di risposta
I tuoi punteggi nel tempo
Non hai fatto questo quiz